| 000 | 00869nam a22002175a 4500 | ||
|---|---|---|---|
| 003 | OSt | ||
| 005 | 20170319145820.0 | ||
| 008 | 170313s1995 ku frb f000 0 ara d | ||
| 040 |
_aEG-ScBUE _bara _cEG-ScBUE |
||
| 082 | 0 | 4 |
_222 _bإ ب ر _a346.05 |
| 100 | 1 |
_aإبراهيم، جلال محمد. _940938 |
|
| 245 | 1 | 2 |
_aالتعامل في التركات المستقبلة : _bدراسة مقارنة / _cتأليف جلال محمد إبراهيم. |
| 250 | _aط. 1. | ||
| 260 |
_aالصفاة : _bجامعة الكويت، _c1995. |
||
| 300 |
_a322 ص. ؛ _c24 سم. |
||
| 504 | _aيشتمل على إرجاعات ببليوجرافية. | ||
| 586 | _aالكتاب الحاصل على جائزة الدولة التشجيعية في القانون المدني (1999). | ||
| 650 | 7 |
_2BUEsh _aقانون التركات. |
|
| 653 |
_bLLAAWW _cMarch2017 |
||
| 942 | _2ddc | ||
| 999 |
_c24477 _d24449 |
||